| 000 | 00793cam a22002054a 4500 | ||
|---|---|---|---|
| 005 | 20250605164217.0 | ||
| 008 | 250528s ||||||||||||||||||||||||d | ||
| 035 | _a20498 | ||
| 020 | _a312004303 | ||
| 040 |
_aGR-AtMCL _bgre _dGR-AtMCL _eAACR2 |
||
| 245 | 1 | _aReadings in World Civilizations / Volume 2: The Development of the Modern World | |
| 260 |
_bSt Martin Press, _c1988 |
||
| 300 | _a368 | ||
| 505 | 0 | _aPreface, Introduction, The Early Modern World: 1500 to 1750, The World of the West: 1750 to 1914, The Modern World: 1914 to the Present. | |
| 520 | _aPreface, Introduction, The Early Modern World: 1500 to 1750, The World of the West: 1750 to 1914, The Modern World: 1914 to the Present. | ||
| 700 | 1 |
_aReilly Kevin _96483 |
|
| 942 | _cBK | ||
| 999 |
_c5600 _d5600 |
||